000 00404nam a2200181Ia 4500
003 OSt
005 20240122093231.0
008 210210b1892 xxu||||| |||| 00| 0 eng d
040 _cAL
041 _aEnglish
082 _a150/48
100 _aJAMES, William.
_9148577
245 _aPsychology.
260 _bNot Mentioned
_c1892
690 _aPsychology
_9148578
906 _a000996
942 _2ddc
_cBK
999 _c77512
_d77512